PropertyMatch (Record no. 84003)
[ view plain ]
| 000 -LEADER | |
|---|---|
| fixed length control field | 00906cab a22001935a 4500 |
| 001 - CONTROL NUMBER | |
| control field | L156417 |
| 008 - FIXED-LENGTH DATA ELEMENTS--GENERAL INFORMATION | |
| fixed length control field | 120518e2012 xxk 000 0 eng d |
| 035 ## - SYSTEM CONTROL NUMBER | |
| System control number | (Sirsi) u156417 |
| 041 0# - LANGUAGE CODE | |
| Language code of text/sound track or separate title | eng |
| 110 2# - MAIN ENTRY--CORPORATE NAME | |
| Corporate name or jurisdiction name as entry element | EuroProperty |
| 9 (RLIN) | 1216 |
| 245 00 - TITLE STATEMENT | |
| Title | PropertyMatch |
| 260 ## - PUBLICATION, DISTRIBUTION, ETC. | |
| Date of publication, distribution, etc. | 2012 |
| 490 #0 - SERIES STATEMENT | |
| Series statement | EuroProperty |
| Volume/sequential designation | 23 April 2012, 22(1) |
| 520 ## - SUMMARY, ETC. | |
| Summary, etc. | CBRE and GFI Group's online trading portal for units in unlisted property funds has just registered Euros 1.2bn of trades and is seeing its user base expand from the UK into Europe. It is a screen-based system operating in real time which should provide the best price anywhere in the market at the time the deal is executed. Initially the take-up was UK focused but the European share of the volume of trades, originally accounting for a third, is likely to increase. |
| 590 ## - LOCAL NOTE (RLIN) | |
| Local note | KA |
| 651 #4 - SUBJECT ADDED ENTRY--GEOGRAPHIC NAME | |
| Geographic name | Europe |
| 690 ## - LOCAL SUBJECT ADDED ENTRY--TOPICAL TERM (OCLC, RLIN) | |
| Topical term or geographic name as entry element | Commercial property |
| 9 (RLIN) | 6227 |
| 942 ## - ADDED ENTRY ELEMENTS (KOHA) | |
| Suppress in OPAC | 0 |
| Withdrawn status | Lost status | Source of classification or shelving scheme | Damaged status | Not for loan | Home library | Current library | Shelving location | Date acquired | Total Checkouts | Full call number | Barcode | Date last seen | Copy number | Price effective from | Koha item type |
|---|---|---|---|---|---|---|---|---|---|---|---|---|---|---|---|
| Dewey Decimal Classification | London | London | Journal article | 18/05/2012 | L156417 | 156417-1001 | 06/08/2019 | 1 | 06/08/2019 | Journal article |